<?xml version="1.0" encoding="UTF-8"?>
<record
    xmlns:xsi="http://www.w3.org/2001/XMLSchema-instance"
    xsi:schemaLocation="http://www.loc.gov/MARC21/slim http://www.loc.gov/standards/marcxml/schema/MARC21slim.xsd"
    xmlns="http://www.loc.gov/MARC21/slim">

  <leader>00752nam a22002057a 4500</leader>
  <datafield tag="999" ind1=" " ind2=" ">
    <subfield code="c">195730</subfield>
    <subfield code="d">195730</subfield>
  </datafield>
  <controlfield tag="005">20230419104612.0</controlfield>
  <datafield tag="010" ind1=" " ind2=" ">
    <subfield code="a">UR-11947</subfield>
  </datafield>
  <datafield tag="020" ind1=" " ind2=" ">
    <subfield code="a">9789383239238</subfield>
    <subfield code="c">250.00</subfield>
  </datafield>
  <datafield tag="035" ind1=" " ind2=" ">
    <subfield code="a">U-10502</subfield>
  </datafield>
  <datafield tag="037" ind1=" " ind2=" ">
    <subfield code="b">DBAD/PUB</subfield>
  </datafield>
  <datafield tag="082" ind1=" " ind2=" ">
    <subfield code="a">840</subfield>
  </datafield>
  <datafield tag="245" ind1=" " ind2=" ">
    <subfield code="a">&#x645;&#x638;&#x6C1;&#x631; &#x627;&#x62F;&#x628; /</subfield>
    <subfield code="c">&#x627;&#x6CC;&#x691;&#x679;&#x631; - &#x642;&#x627;&#x636;&#x6CC; &#x62D;&#x628;&#x6CC;&#x628; &#x627;&#x62D;&#x645;&#x62F; &#x627;&#x648;&#x631; &#x6A9;&#x6D2; &#x6D4; &#x627;&#x6CC;&#x686; &#x6D4; &#x6A9;&#x644;&#x6CC;&#x645; &#x627;&#x644;&#x644;&#x651;&#x6C1;</subfield>
  </datafield>
  <datafield tag="246" ind1=" " ind2=" ">
    <subfield code="a">Mazhar-E-Adab /</subfield>
    <subfield code="b">ed. by Khazi Habeeb Ahmed [and] K.H. Kaleemullah</subfield>
  </datafield>
  <datafield tag="260" ind1=" " ind2=" ">
    <subfield code="a">New Delhi</subfield>
    <subfield code="b">Applied Books</subfield>
    <subfield code="c">2015 &#x621;</subfield>
  </datafield>
  <datafield tag="270" ind1=" " ind2=" ">
    <subfield code="a">1739/10, New Kohinoor Hotel, Pataudi House, Darya Ganj</subfield>
    <subfield code="b">New Delhi</subfield>
    <subfield code="e">110002</subfield>
  </datafield>
  <datafield tag="300" ind1=" " ind2=" ">
    <subfield code="a">394 &#x635;</subfield>
    <subfield code="c">22cm(pbk)</subfield>
  </datafield>
  <datafield tag="700" ind1=" " ind2=" ">
    <subfield code="a">&#x642;&#x627;&#x636;&#x6CC; &#x62D;&#x628;&#x6CC;&#x628; &#x627;&#x62D;&#x645;&#x62F; </subfield>
  </datafield>
  <datafield tag="700" ind1=" " ind2=" ">
    <subfield code="a">&#x6A9;&#x6D2; &#x6D4; &#x627;&#x6CC;&#x686; &#x6D4; &#x6A9;&#x644;&#x6CC;&#x645; &#x627;&#x644;&#x644;&#x651;&#x6C1;</subfield>
  </datafield>
  <datafield tag="942" ind1=" " ind2=" ">
    <subfield code="2">ddc</subfield>
    <subfield code="c">UR</subfield>
    <subfield code="h">840</subfield>
    <subfield code="m">&#x645; &#x638; &#x6C1;</subfield>
  </datafield>
  <datafield tag="952" ind1=" " ind2=" ">
    <subfield code="0">0</subfield>
    <subfield code="1">0</subfield>
    <subfield code="4">0</subfield>
    <subfield code="7">0</subfield>
    <subfield code="8">NFIC</subfield>
    <subfield code="a">ZLS</subfield>
    <subfield code="b">ZLS</subfield>
    <subfield code="d">2023-04-19</subfield>
    <subfield code="e">DBAD/PUB</subfield>
    <subfield code="g">250.00</subfield>
    <subfield code="l">0</subfield>
    <subfield code="o">840 &#x645; &#x638; &#x6C1;</subfield>
    <subfield code="p">U-10502</subfield>
    <subfield code="r">2023-04-19 00:00:00</subfield>
    <subfield code="t">1</subfield>
    <subfield code="v">250.00</subfield>
    <subfield code="w">2023-04-19</subfield>
    <subfield code="y">UR</subfield>
  </datafield>
</record>
